Failure of ixodes ticks to inherit borrelia afzelii infection /
Đã lưu trong:
| Tác giả khác: | , , , , |
|---|---|
| Định dạng: | Bài viết |
| Ngôn ngữ: | English |
| Những chủ đề: | |
| Các nhãn: |
Thêm thẻ
Không có thẻ, Là người đầu tiên thẻ bản ghi này!
|
| Thư viện lưu trữ: | Thư viện Trường Đại học Đà Lạt |
|---|
| LEADER | 01010nam a2200349 4500 | ||
|---|---|---|---|
| 001 | DLU090091679 | ||
| 005 | ##20091201 | ||
| 040 | # | # | |a DLU |b eng |
| 041 | # | # | |a eng |
| 044 | # | # | |a us |
| 245 | # | # | |a Failure of ixodes ticks to inherit borrelia afzelii infection / |c Franz-Rainer Matuschka ... [et al.]. |
| 653 | # | # | |a Borrelia afzelii |
| 653 | # | # | |a Infection |
| 653 | # | # | |a Ixodes |
| 653 | # | # | |a Ixodidae |
| 653 | # | # | |a Lyme disease |
| 653 | # | # | |a Progeny |
| 700 | # | # | |a Klug, Birte. |
| 700 | # | # | |a Matuschka, Franz-Rainer. |
| 700 | # | # | |a Richter, Dania. |
| 700 | # | # | |a Schinkel, Thomas W. |
| 700 | # | # | |a Spielman, Anderew. |
| 773 | # | # | |t Applied and Environmental Microbiology |g Vol. 64, no. 8 (August 1998), p. 3089-3091 |
| 920 | # | # | |a Phòng Tạp chí -- Trung tâm Thông tin - Thư viện Trường Đại học Đà Lạt |
| 994 | # | # | |a DLU |
| 900 | # | # | |a True |
| 911 | # | # | |a Trương Bảo Trâm Anh |
| 925 | # | # | |a G |
| 926 | # | # | |a A |
| 927 | # | # | |a BB |
| 980 | # | # | |a Thư viện Trường Đại học Đà Lạt |